000 00691nam a2200229Ia 4500
003 OSt
005 20220918175740.0
006 a|||||r|||| 00| 0
007 ta
008 220917b |||||||| |||| 00| 0 eng d
024 _a18,757
037 _cTextual
040 _aARTS
_cARTS
_beng
041 _2eng
_aeng
082 _aO:2J64:17:9, J6
100 _aJenkins Harold
_954798
245 0 _aStructural problem in Shakespeare's Henry the Fourth An inagural lecture delivered at Wesfield College University of London on May 19 1955
260 _c1956
650 _aENGLISH LITERATURE
942 _hO:2J64:17:9, J6
_cTEXL
_2CC
999 _c158858
_d158858